Εμπορική Ναυτιλία και Θαλάσσιο Περιβάλλον / Β' 'Εκδοση (Record no. 3186)
[ view plain ]
| 000 -LEADER | |
|---|---|
| fixed length control field | 02029cam a22002054a 4500 |
| 005 - ΗΜΕΡΟΜΗΝΙΑ ΚΑΙ ΩΡΑ ΤΕΛΕΥΤΑΙΑΣ ΕΝΗΜΕΡΩΣΗΣ | |
| Πεδίο ελέγχου | 20250605163353.0 |
| 008 - FIXED-LENGTH DATA ELEMENTS--GENERAL INFORMATION | |
| Πεδίο ελέγχου σταθερού μήκους | 250528s ||||||||||||||||||||||||d |
| 035 ## - SYSTEM CONTROL NUMBER | |
| System control number | 17786 |
| 020 ## - ISBN | |
| ISBN | 9789603517276 |
| 040 ## - ΠΗΓΗ ΚΑΤΑΛΟΓΟΓΡΑΦΗΣΗΣ | |
| Φορέας πρωτότυπης καταλογογράφησης | MC Athens Campus Library |
| Γλώσσα καταλογογράφησης | Ελληνικά, Μοντέρνα (1453-) |
| Modifying agency | MC Athens Campus Library |
| Κανόνες περιγραφικής καταλογογράφησης | AACR2 |
| 245 1# - ΤΙΤΛΟΣ ΚΑΙ ΔΗΛΩΣΗ ΥΠΕΥΘΥΝΟΤΗΤΑΣ | |
| Τίτλος | Εμπορική Ναυτιλία και Θαλάσσιο Περιβάλλον / Β' 'Εκδοση |
| 250 ## - EDITION STATEMENT | |
| Edition statement | 2η |
| 260 ## - PUBLICATION, DISTRIBUTION, ETC. | |
| Name of publisher, distributor, etc. | Σταμούλης Α, |
| Date of publication, distribution, etc. | 2007 |
| 300 ## - PHYSICAL DESCRIPTION | |
| Extent | 698 |
| 520 ## - SUMMARY, ETC. | |
| Summary, etc. | Εισαγωγή, Η Συμβολή της Εμπορικής Ναυτιλίας στο Παγκόσμιο Εμπόριο, Προστασία του Θαλάσσιου Περιβάλλοντος και Ατυχηματική Ρύπανση, Προστασία του Θαλάσσιου Περιβάλλοντος και Λειτουργική Ρύπανση, Ανθρώπινος Παράγοντας και Ατυχηματική Ρύπανση, Προστασία του Θαλάσσιου Περιβάλλοντος και Ρύπανση από τις Θαλάσσιες Μεταφορές των Επικύνδινων Φορτίων, Η Πολιτική Καταπολέμησης της Θαλάσσιας Ρύπανσης και οι Αντίστοιχες Τεχνικές Μέθοδοι, Δίασωση και Ναυαγιαιρεσία, Η Πολιτική των Διεθνών Οργανισμών για το Θαλάσσιο Περιβάλλον, Ειδικά: Συμφωνίες που Αφορούν την Πρόληψη της Θαλάσσιας Ρύπανσης από Οποιαδήποτε Πηγή, Η Πολιτική της Προστασίας του Θαλάσσιου Περιβάλλοντος στην Ελλάδα και στην Ευρωπαϊκή Ένωση, Η Πολιτική των ΗΠΑ για το Θαλάσσιο Περιβάλλον: Oil Pollution Act (OPA '90), Επίλογος, Βιβλιογραφία - Αρθρογραφία. |
| 700 1# - ΠΡΟΣΘΕΤΗ ΑΝΑΓΡΑΦΗ--ΦΥΣΙΚΟ ΠΡΟΣΩΠΟ | |
| Personal name | Βλάχος Γ. Π |
| 942 ## - ADDED ENTRY ELEMENTS (KOHA) | |
| Koha item type | Books |
| Τύπος τεκμηρίου | Βιβλιοθήκη | Τρέχουσα τοποθεσία | Barcode | Αριθμός εισαγωγής | Ημερομηνία απόκτησης | Ταξιθετικό σύμβολο | Αριθμός αντιτύπου | Κατάσταση απόσυρσης | Κατάσταση χαμένου | Κατάσταση κατεστραμμένου | Μη δανεισμός | Σύνολο δανεισμών | Ημερομηνία τελευταίας εμφάνισης | Η τιμή ισχύει από |
|---|---|---|---|---|---|---|---|---|---|---|---|---|---|---|
| Books | MC Athens Campus Library | MC Athens Campus Library | 9780000031853 | 7172 | 05/06/2025 | 363.739 4 VLA | 1 | 05/06/2025 | 05/06/2025 |